00800nam a2200241 a 4500001001000000003000500010005001700015008004100032010001100073011001100084020001800095040000900113082002300122100003900145245013000184250001000314260006200324300004500386650002800431650003000459650003000489700003900519000108036CHAP20220329143954.0131129s2013 mx a |r| |||1|||spa d a104498 a105470 a9786073215152 cCHAP04a621.3815bV72 20131 aVillaseñor Gómez, Jorge Raúl10aCircuitos eléctricos y aplicaciones digitales /cpor Jorge Raúl Villaseñor Gómez y Fredy Alberto Hernández Aguirre. a2 ed. aNaucalpan de Juárez, Edo. de Méx. :bPearson,cc2013. a697 p. :bil., gráfs., diags., tablas.14aCircuitos eléctricos.14aCircuitos electrónicos.14aIngeniería eléctrica.1 aHernández Aguirre, Fredy Alberto